Statistics for Zone 1 London Underground Stations - With a Map

Click here to take the quiz!

General Stats

  • This quiz has been taken 14,899 times
    (14,892 since last reset)
  • The average score is 30 of 61

Answer Stats

Underground Station % Correct
King's Cross St Pancras
82%
Piccadilly Circus
80%
Victoria
77%
Oxford Circus
74%
Waterloo
72%
Bank
70%
Westminster
69%
Euston
69%
Baker Street
68%
Leicester Square
64%
Paddington
64%
Liverpool Street
62%
Tottenham Court Road
61%
Embankment
60%
Green Park
60%
Euston Square
57%
Covent Garden
57%
Charing Cross
57%
London Bridge
56%
Bond Street
56%
Elephant & Castle
55%
Hyde Park Corner
52%
Holborn
52%
South Kensington
51%
Angel
50%
Marble Arch
49%
St. Paul's
47%
Aldgate
47%
Earl's Court
46%
Marylebone
46%
Tower Hill
44%
Notting Hill Gate
44%
Pimlico
43%
Vauxhall
43%
Knightsbridge
43%
Edgware Road
40%
Blackfriars
40%
Temple
40%
St James's Park
40%
Southwark
40%
High Street Kensington
40%
Old Street
40%
Goodge Street
39%
Farringdon
39%
Barbican
39%
Sloane Square
39%
Warren Street
39%
Moorgate
39%
Russell Square
38%
Chancery Lane
37%
Regent's Park
37%
Aldgate East
37%
Gloucester Road
34%
Cannon Street
33%
Lancaster Gate
32%
Borough
31%
Great Portland Street
31%
Mansion House
31%
Queensway
31%
Bayswater
30%
Lambeth North
29%

Score Distribution

Percentile by Number Answered

Percent of People with Each Score

Your Score History

You have not taken this quiz since the last reset